Quizzes
Events
Quiz Creation
Community
Videos
Private Events
Remove Ads
Sign In
Join for FREE
Feedback
Dark Mode
Quiz Categories
Sports
Geography
Music
Movies
Television
Just For Fun
Miscellaneous
History
Literature
Language
Science
Gaming
Entertainment
Religion
Holiday
For Kids
Quiz Lab
Recent
Popular Today
Quiz Kudos Today
Editor Picks
Curator Picks
Quizzes by...
Day
Popularity
Type
Ratings
Length
Year
Community
Subscriptions
Recent Discussions
Orange Saloon
Badges
Playlists
Quests
Create
Leaderboards
Showdown
Live 5
Trivia Bingo
Activity
Puzzle Library
Sporcle Events
Private Events
Virtual Trivia
Globe League
Become a Host
Pub Owners
SporcleCon
Opinionation
Our Games
Videos
Blog
Mobile Apps
Partnerships
Remove Ads and Go Orange
Feedback
Geography
Country
Landmarks
City
State
Population
World
Capital
Continent
Flags
Europe
Africa
Asia
South America
North America
Oceania
Border
Canada
United Kingdom
Topography
United States
Geography
Country
Landmarks
City
State
Population
World
Capital
Continent
Flags
Europe
Africa
Asia
South America
North America
Oceania
Border
Canada
United Kingdom
Topography
United States
Random Quiz
Search Sporcle
×
Quiz Lab
Quiz Lab
Geography
Town
Type in answers that appear in a list
Type in answers that appear in a list
Classic
Best Score? Go Orange.
Name the Towns of Oost-Vlaanderen, Belgium? Stats
Can you name the Can you name the Towns of Oost-Vlaanderen, Belgium??
By
someguyiknow
4m
65 Questions
225 Plays
225 Plays
225 Plays
Comments
Comments
Give Quiz Kudos
Give Quiz Kudos
-
- Ratings
hide this ad
More Info
Replay
Link that replays current quiz
Next Quiz
Link to next quiz in quiz playlist
You Got
0%
They Got
Avg Score
63%
Avg Friend Score
Upgrade to see
Score Distribution
Jump to the score distribution portion of the page
Score
0/65
Timer
04:00
0
Plays Today
% Correct
Gent
99.6%
Aalst
98.2%
Sint-Niklaas
91.1%
Lokeren
89.3%
Dendermonde
88.4%
Geraardsbergen
85.3%
Oudenaarde
84%
Aalter
80%
Bever
80%
Wetteren
79.6%
Zottegem
78.7%
Eeklo
78.2%
Ninove
77.8%
Deinze
77.3%
Zelzate
73.8%
Ronse
72.9%
Zulte
71.6%
Evergem
71.1%
Melle
68.9%
Merelbeke
68.9%
Denderleeuw
68.4%
Lochristi
67.1%
Maldegem
67.1%
Temse
66.7%
De Pinte
65.8%
Zwalm
64.9%
Sint-Martens-Latem
64%
Waasmunster
64%
Nazareth
62.2%
Zele
62.2%
Destelbergen
61.3%
Hamme
61.3%
Lede
60.9%
% Correct
Brakel
60%
Gavere
59.6%
Zomergem
59.6%
Erpe-Mere
58.7%
Wachtebeke
56.4%
Nevele
56%
Stekene
56%
Assenede
55.1%
Sint-Lievens-Houtem
55.1%
Oosterzele
54.7%
Laarne
54.2%
Berlare
53.8%
Lovendegem
53.8%
Kruibeke
53.3%
Sint-Laureins
52.9%
Horebeke
52%
Kluisbergen
52%
Sint-Gillis-Waas
52%
Waarschoot
52%
Wortegem-Petegem
52%
Moerbeke
51.6%
Haaltert
51.1%
Zingem
51.1%
Maarkedal
50.2%
Wichelen
50.2%
Herzele
48.9%
Lierde
48.9%
Buggenhout
48%
Knesselare
48%
Lebbeke
46.7%
Kruishoutem
45.8%
Kaprijke
44.9%
Quiz Playlist
Details
Report
Send in Message
Add To Playlist
More Info:
Also try : http://www.sporcle.com/games/someguyiknow/west-vlaanderen
Classic:
Type in answers that appear in a list
Last Updated: Feb 16, 2017
Quiz Scoreboard
CHALLENGE
Sign Up to Join the Scoreboard
Show All
Scores
Hide
Comments
May contain spoilers
Recently Published
Movies - When Are They Set?
by FPL_Elf
Movies
5m
Popular People in 1961
by mucciniale
History
6m
1-10 Letter E Words III
by El_Dandy
Language
2m
More to Explore
Quiz From the Vault
Featured Blog Post
Where Did the Easter Bunny Come From?
hide this ad
You Might Also Like...
Tags
Belgium
Town
Today's Top Quizzes in Geography
Browse Geography
hide this ad
Today's Top Quizzes in Town
Browse Town
Top Contributed Quizzes in Geography
1
Countries of the World - No Outlines Minefield
2
Top 25 Cities of France on a map
3
Closest Countries to UK A-Z
4
African Flag Reveal XLV
5
Blind Ultimate Minefield: USA
6
One Thing in Common: United Kingdom
7
Blind Secret Country CLXXXVIII
8
One Thing in Common: Asia
9
Find the US States - No Outlines
10
One Thing in Common: Geography
Explore More
Trending Topics
Disney
Crossword
Harry Potter
NBA
Marvel
Kpop
Anime
Pokémon
The Office
Country
Song
Soccer
NFL
Puzzle
WWE
hide this ad
More By:
someguyiknow
Quiz
Plays
Rating
Category
Featured
Created
Name all AOC-AOP wine Appellations of France
812
5.00
Geography
Jan 7, 2017
Name the Towns of West-Vlaanderen, Belgium
291
5.00
Geography
Aug 1, 2012
Name the Towns of Oost-Vlaanderen, Belgium?
225
5.00
Geography
Aug 25, 2012
Go to Creator's Profile
Score Distribution
Quiz Creator Spotlight
someguyiknow
Follow
Send a Message
Quizzes Created
-
Created Quiz Play Count
-
More By This Creator
Popular Quizzes Today
1
Find the US States - No Outlines Minefield
2
Find the Countries of Europe - No Outlines Minefield
3
The Countries of the World
4
Popular People in 1961
5
1-10 Letter E Words III
6
US States
7
Find the US States
8
One Thing in Common: World Cities II
More Geography Quizzes
10 Most Populous European Countries in Order
Published
Trending Quizzes
Risky Map Clicking: Least Populous States A-Z
1-10 Letter F Words
1-10 Letter G Words
One Thing in Common: United Kingdom
Risky Map Clicking: Next State Alphabetically
Recently Updated
Leaping Animals
pecheneg
Reality TV Shows (A-Z)
bhenderson79
Rickey Henderson's Hall of Fame Teammates
pecheneg
Champions League XIs: Arsenal
pecheneg
Quick Pick: Celebrities in WWE's Hall of Fame
aduchscher
A-Z Keypad Blitz II
pecheneg
Multiple Oscar Actors
pecheneg
Mystery Phrase Blitz: Oscar 'Best Actors'
pecheneg
F. Scott Fitzgerald Novels
LTH
Pick 3 Villains
ddd62291
Trending Topics
Crossword
Disney
Kpop
Harry Potter
Marvel
NBA
Anime
Puzzle
NFL
Soccer
WWE
The Office
Song
Pokémon
Country
Your Account Isn't Verified!
In order to create a playlist on Sporcle, you need to verify the email address you used during registration. Go to your
Sporcle Settings
to finish the process.
Report this User
Report this user for behavior that violates our
Community Guidelines
.
Details:
Send Report
Go to the Sporcle.com Mobile Site →
Comments